000 00399nam a22001337a 4500
082 _a152.1
_bGRA
_cL-31,p-13.
100 _aGranit , Ragnar.
_937063
245 _aReceptors and sensory perceptions .
_cRagnar granit.
260 _aLondon.
_bYale university Press .
_cnd.
300 _aVii ;366 p.
_b:Ill.
_c24 cm.
526 _a0
_b0
_c0
_d152_100000000000000_GRA
650 _aMCE
_9379
942 _2ddc
_cBK
999 _c541986
_d541986